O naprawę Rzeczypospolitej / (Rekord nr 27486)
| 000 -Nagłówek | |
|---|---|
| fixed length control field | 02630cam a2200529 i 4500 |
| 001 - Nr kontrolny bibl., która utworzyła rek. | |
| control field | zz2003965036 |
| 003 - Siglum bibl., której nr kontr. jest w 001 | |
| control field | NUKAT |
| 005 - Data i czas ostatniej operacji | |
| control field | 20260408195657.0 |
| 008 - Elementy pola stałej długości | |
| fixed length control field | 030404s1922 pl |000 0 pol c |
| 035 ## - Systemowy numer kontrolny | |
| systemowy numer kontrolny | (OCoLC)1424143284 |
| 035 ## - Systemowy numer kontrolny | |
| systemowy numer kontrolny | (NUKAT)zz2003965036 |
| 040 ## - Instytucja sporządzająca opis | |
| Instytucja, która sporządziła opis | KR 7/EG |
| Instytucja, która sporządziła rekord | KR 7/EG |
| Instytucja, która zmodyfikowała rekord | KR 7/TS |
| -- | KR 7/CPs |
| -- | KR U/04KUL |
| -- | GD U/MJ |
| -- | KR 7/MN |
| 100 1# - Hasło główne-nazwa osobowa | |
| Nazwa osobowa | Kumaniecki, Kazimierz Władysław |
| Daty biograficzne | (1880-1941). |
| 9 (RLIN) | 8110 |
| 245 10 - Tytuł właściwy i oznaczenie odpow. | |
| tytuł | O naprawę Rzeczypospolitej / |
| dod. inf. ze s. tyt./ozn. odpow. | K. W. Kumaniecki, M. Zdziechowski, M. Rostworowski, S. Estreicher, J. M. Rozwadowski, K. Morawski, M. Siedlecki, J. Łoś, R. Dyboski, T. Brzeski, A. Krzyżanowski, W. L. Jaworski, F. Zoll. |
| 260 ## - Adres wydawniczy | |
| miejsce wydania, dystrybucji itp. | Kraków : |
| nazwa wydawcy, dystrybutora itp. | Krakowska Spółka Wydawnicza, |
| data wydania, dystrybucji itp. | 1922. |
| 300 ## - Opis fizyczny | |
| objętość i/lub forma materiału | 199 s. ; |
| format | 25 cm. |
| 336 ## - Content Type | |
| Term | Tekst |
| Code | txt |
| Source | rdacontent |
| 337 ## - Media Type | |
| Term | Bez urządzenia pośredniczącego |
| Code | n |
| Source | rdamedia |
| 338 ## - Carrier Type | |
| Term | Wolumin |
| Code | nc |
| Source | rdacarrier |
| 380 ## - Form of work | |
| Form of work | Książki |
| 500 ## - Uwaga ogólna | |
| uwaga ogólna | Pierwsza księga: Życie moralne / K.W. Kumaniecki, M. Zdziechowski; druga księga: Ustrój państwowy / M. Rostworowski, S. Estreicher, K. W. Kumaniecki; trzecia księga: Nauka i szkoła / J. M. Rozwadowski, K. Morawski, M. Siedlecki, J. Łoś, R. Dyboski; czwarta księga: Zagadnienia gospodarcze / T. Brzeski, A. Krzyżanowski, W. L. Jaworski, F. Zoll. |
| 530 ## - Uwaga o dod. formie fiz. materiału | |
| uwaga o dodatkowej fizycznej formie dokumentu | Dostępne również w formie elektronicznej. |
| 648 #7 - SUBJECT ADDED ENTRY--CHRONOLOGICAL TERM | |
| Chronological term | 1901-2000 |
| Source of heading or term | DBN |
| 9 (RLIN) | 34996 |
| 648 #7 - SUBJECT ADDED ENTRY--CHRONOLOGICAL TERM | |
| Chronological term | 1918-1939 |
| Source of heading or term | DBN |
| 9 (RLIN) | 36041 |
| 650 #7 - Hasło przedmiotowe-nazwa pospolita | |
| nazwa pospolita lub geogr. | Oświata |
| źródło hasła | DBN |
| 9 (RLIN) | 39557 |
| 651 #7 - Hasło przedmiotowe-nazwa geogr. | |
| nazwa geograficzna | Polska |
| źródło hasła | DBN |
| 9 (RLIN) | 35076 |
| 651 #7 - Hasło przedmiotowe-nazwa geogr. | |
| nazwa geograficzna | Polska |
| określnik rzeczowy | polityka i rządy |
| określnik chronologiczny | 1918-1939. |
| źródło hasła | kaba |
| 9 (RLIN) | 4643 |
| 651 #7 - Hasło przedmiotowe-nazwa geogr. | |
| nazwa geograficzna | Polska |
| określnik rzeczowy | sytuacja społeczna |
| określnik chronologiczny | 1918-1945. |
| źródło hasła | kaba |
| 9 (RLIN) | 13549 |
| 658 ## - Nazwa określająca cel programu nauczania | |
| główny cel programu nauczania | Edukacja i pedagogika |
| 700 1# - Hasło dodatkowe - nazwa osobowa | |
| nazwa osobowa | Rostworowski, Michał |
| daty biograficzne | (1864-1940). |
| 9 (RLIN) | 4228 |
| 700 1# - Hasło dodatkowe - nazwa osobowa | |
| nazwa osobowa | Rozwadowski, Jan Michał |
| daty biograficzne | (1867-1935). |
| 9 (RLIN) | 14673 |
| 700 1# - Hasło dodatkowe - nazwa osobowa | |
| nazwa osobowa | Siedlecki, Michał |
| daty biograficzne | (1873-1940). |
| 9 (RLIN) | 39693 |
| 700 1# - Hasło dodatkowe - nazwa osobowa | |
| nazwa osobowa | Łoś, Jan Nepomucen Bonifacy |
| daty biograficzne | (1860-1928). |
| 9 (RLIN) | 2030 |
| 700 1# - Hasło dodatkowe - nazwa osobowa | |
| nazwa osobowa | Dyboski, Roman |
| daty biograficzne | (1883-1945). |
| 9 (RLIN) | 39694 |
| 700 1# - Hasło dodatkowe - nazwa osobowa | |
| nazwa osobowa | Brzeski, Tadeusz |
| daty biograficzne | (1884-1958). |
| 9 (RLIN) | 39695 |
| 700 1# - Hasło dodatkowe - nazwa osobowa | |
| nazwa osobowa | Krzyżanowski, Adam |
| daty biograficzne | (1873-1963). |
| 9 (RLIN) | 13548 |
| 700 1# - Hasło dodatkowe - nazwa osobowa | |
| nazwa osobowa | Jaworski, Władysław Leopold |
| daty biograficzne | (1865-1930). |
| 9 (RLIN) | 13286 |
| 700 1# - Hasło dodatkowe - nazwa osobowa | |
| nazwa osobowa | Zoll, Fryderyk |
| daty biograficzne | (1865-1948). |
| 9 (RLIN) | 7652 |
| 700 1# - Hasło dodatkowe - nazwa osobowa | |
| nazwa osobowa | Estreicher, Stanisław |
| daty biograficzne | (1869-1939). |
| 9 (RLIN) | 564 |
| 700 1# - Hasło dodatkowe - nazwa osobowa | |
| nazwa osobowa | Zdziechowski, Marian |
| daty biograficzne | (1861-1938). |
| 9 (RLIN) | 39696 |
| 700 1# - Hasło dodatkowe - nazwa osobowa | |
| nazwa osobowa | Morawski, Kazimierz |
| daty biograficzne | (1852-1925). |
| 9 (RLIN) | 7349 |
| 710 2# - Hasło dodatkowe - nazwa ciała zbior. | |
| nazwa ciała zbior. lub nazwa geogr. | Krakowska Spółka Wydawnicza. |
| kod rodzaju współpracy | pbl |
| 9 (RLIN) | 1217 |
| 856 41 - Elektroniczne źródła danych i spos. dost. | |
| URL (Uniform Resource Locator) | <a href="https://pbc.gda.pl/dlibra/publication/23433/edition/88979">https://pbc.gda.pl/dlibra/publication/23433/edition/88979</a> |
| 856 41 - Elektroniczne źródła danych i spos. dost. | |
| URL (Uniform Resource Locator) | <a href="https://bazybg.uek.krakow.pl/cyfrowa/kolekcje/publikacja/33025">https://bazybg.uek.krakow.pl/cyfrowa/kolekcje/publikacja/33025</a> |
| 930 ## - EQUIVALENCE OR CROSS-REFERENCE-UNIFORM TITLE HEADING [LOCAL, CANADA] | |
| Uniform title | Uwaga! RDA.1 - [KR U] |
| 942 ## - ADDED ENTRY ELEMENTS (KOHA) | |
| Source of classification or shelving scheme | Dewey Decimal Classification |
| Koha item type | pozycje dostępne na miejscu |
| Status wycofania | Status zagubienia | Klasyfikacja | Status uszkodzenia | Blokada wypożyczeń | Kolekcja | Lokalizacja macierzysta | Lokalizacja bieżąca | Data nabycia | Numer akcesji | Źródło akcesji | Nr inwentarzowy | il. wypożyczeń | Sygnatura | Kod kreskowy | Date last seen | Price effective from | Typ egz. |
|---|---|---|---|---|---|---|---|---|---|---|---|---|---|---|---|---|---|
| Dewey Decimal Classification | nieuszkodzona | Pracownia Badań Księgozbiorów Historycznych | Biblioteka Instytutu Północnego w Olsztynie | Pracownia Badań Księgozbiorów Historycznych | 08/04/2026 | D-33/1963 | dar | 15412 | 15412 | IPWK23731 | 08/04/2026 | 08/04/2026 | pozycje dostępne na miejscu |